The autobiography of William Simpson, R. I. edited by George Eyre Todd, author of The sketch book of the north, Byways of the scottish border, etc. Illustrated with many reproductions of Simpson's pictures from the collections of His Majesty The King, the Duke of Newcastle, the Marquis of Bute, the Earl of Rosebery, the Earl of Northbrook, the British Museum, South Kensington Museum, the Palestine Explorartion Fund., etc
Na minha lista:
| Main Authors: | , , |
|---|---|
| Formato: | Livro |
| Idioma: | inglês |
| Publicado em: |
Londres
T. Fisher Unwin, Paternoster square
1903
|
| Edição: | 1a. ed |
| Assuntos: | |
| Tags: |
Adicionar Tag
Sem tags, seja o primeiro a adicionar uma tag!
|
MARC
| LEADER | 00000nam a2200000 a 4500 | ||
|---|---|---|---|
| 001 | UCJ4779 | ||
| 003 | CL-VaPUC | ||
| 008 | 070124e19030000UK |||||||||||||||||eng|d | ||
| 082 | 0 | 4 | |a 927 |b SIM |2 21 |
| 100 | 0 | |a Simpson, R. I., William |e author |9 509091 | |
| 700 | 0 | |a Crimean Simpson |e author |9 509092 | |
| 700 | 0 | |a Eyre Todd, George |e author |9 509093 | |
| 245 | 1 | 4 | |a The autobiography of William Simpson, R. I. edited by George Eyre Todd, author of The sketch book of the north, Byways of the scottish border, etc. Illustrated with many reproductions of Simpson's pictures from the collections of His Majesty The King, the Duke of Newcastle, the Marquis of Bute, the Earl of Rosebery, the Earl of Northbrook, the British Museum, South Kensington Museum, the Palestine Explorartion Fund., etc |
| 250 | |a 1a. ed | ||
| 300 | |a xv, 351 p | ||
| 942 | |c BK | ||
| 945 | |d 20070124 00:00:00 |a rinostro | ||
| 260 | |a Londres |b T. Fisher Unwin, Paternoster square |c 1903 | ||
| 500 | |a Front., retrato de William Simpson, R. I.; 24 reproducciones de dibujos del mismo | ||
| 600 | 0 | 7 | |a SIMPSON, ANN PENELOPE |2 CL-VaPUC |9 509094 |
| 650 | 7 | |a PINTORES INGLESES |2 CL-VaPUC |9 342329 | |
| 650 | 7 | |a GUERRA DE CRIMEA |2 CL-VaPUC |9 504745 | |
| 650 | 0 | |a Arqueología |9 265619 | |
| 650 | 7 | |a BIOGRAFIA |2 CL-VaPUC |9 504622 | |
| 650 | 0 | |a Iconografía |9 267998 | |
| 650 | 0 | |a Diplomacia |9 256483 | |
| 650 | 7 | |a COLONIALISMO INGLES |2 CL-VaPUC |9 507148 | |
| 650 | 0 | |a Ilustraciones |9 369481 | |
| 651 | 7 | |a MICENAS |2 CL-VaPUC |9 440436 | |
| 651 | 7 | |a TIRINTO |2 CL-VaPUC |9 508572 | |
| 651 | 7 | |a EFESO |2 CL-VaPUC |9 509095 | |
| 583 | |a last modification |c 20130510 02:20:50 |k Rodrigo Vera | ||
| 999 | |c 320894 |d 320892 | ||
| 952 | |0 0 |1 0 |4 0 |6 927_000000000000000_SIM_1903 |7 0 |8 X |9 399518 |a FDOBUD |b FDOBUD |d 2019-11-22 |i 1025856 |o 927 SIM 1903 |p 1025856 |r 2019-11-22 |w 2019-11-22 |y BK_X |k BUD | ||